00495nam a2200193 a 4500001001300000003000900013005001700022008004100039020001000080082001300090100001800103245004200121260004800163300000800211500003500219505001300254650001600267700001800283nice12345678IN_TiNIC20260116011428.0050524s1923 laha grp 000 0 urd  ac10000a239bRIC aRichards, J W aChipa Hua Khazanab Hidden Treasurer. aLahorebPunjab Religious Booksociety c1923 a57p aincludes index and biblioraphy2 aAppendix aApologetics1 aRichards, J W